Drietalige Regswoordeboek / (Record no. 3269)

MARC details
000 -LEADER
fixed length control field 00506nam a22001697a 4500
005 - DATE AND TIME OF INPUT
control field 20241203135026.0
008 - DATA ELEMENTS--GENERAL INFORMATION
fixed length control field 241203b |||||||| |||| 00| 0 eng d
020 ## - INTERNATIONAL STANDARD BOOK NUMBER
International Standard Book Number 0702118133
041 ## - LANGUAGE CODE
Language code of text English/Afrikaans/ Latin
082 ## - SHELF NUMBER
DDC number 340.03 HIE
100 ## - MAIN AUTHOR
Language of a work English
245 ## - TITLE STATEMENT
Title Drietalige Regswoordeboek /
Statement of responsibility, etc. VG Hiemstra and HL Gonin
260 ## - PUBLICATION, DISTRIBUTION, ETC.
Place of publication, distribution, etc. Kaapstad:
Name of publisher, distributor, etc. Juta en Kie, Bpk,
Date of publication, distribution, etc. 1986
300 ## - PHYSICAL DESCRIPTION
Other physical details xiii, 529 pages
Dimensions 27 cm.
650 ## - SUBJECT`
Broad subject Legal practice
Own subject terms Law
942 ## - ADDED ENTRY ELEMENTS (KOHA)
Item type Books
942 ## - ADDED ENTRY ELEMENTS (KOHA)
-- ALISON_BN_VRIES
Holdings
Source of classification or shelving scheme Not for loan Collection code Home library Current library Shelving location Date acquired Full call number Barcode Price effective from Koha item type
Dewey Decimal Classification   TEXT BOOKS LAW SOCIETY OF NAMIBIA LIBRARY - WINDHOEK LAW SOCIETY OF NAMIBIA LIBRARY - WINDHOEK International law and private international law 12/03/2024 340.03 HIE LSN/2023/4130 12/03/2024 Books